00505nam a22001817a 450000500170000001000150001702000260003203500130005803700130007108200080008410000160009224500790010826000370018727000540022430000230027850000190030170000030032020100816141711.0 aENG-100694 c450.00a9788190834407 aEN-84227 bDBAD/PUB a920 aKaul, Suman aJammu and Kashmir women contribution in post independence /cby Suman Kaul aDelhi bSuman Publicationsc2009 a370-D, J & K Pocket, DishadgardenbDelhi e110095 a218 p. b20cm (Hb) aIncludes index